000 00956nam a2200301 ia4500
001 C2-0327671
003 PPAK
005 20201201110442.0
008 140708s2009 my a jr | 0 1 eng d
020 _a9789838324335
_qset
020 _a9789838324397
_qpaperback
040 _aPPAK
_beng
_cPPAK
_erda
082 0 4 _a428.6
_223
090 0 0 _a428.6
_bKUM
_dK
100 0 _aKumara Velu,
_eauthor.
_d1961-
245 1 4 _aThe Mystery Of The Impatient Passengers /
_cKumara Velu
264 1 _aKuala Lumpur :
_bPustaka Printis,
_c2009
300 _a46 pages :
_billustrations ;
_c19 cm
336 _2rdacontent
_atext
337 _2rdamedia
_aunmediated
338 _2rdacarrier
_avolume
490 1 _aThe Crime Prevention Series
500 _aIncludes questions and excercises
650 1 0 _aEnglish language
_vReaders
_xJuvenile fiction
650 1 0 _aDetective and mystery stories.
_vReaders
830 0 _aThe crime prevention series
942 _cB
_2ddc
999 _c127206
_d127206